Statistics for Most Guessed US States

Click here to take the quiz!

General Stats

  • This quiz has been taken 21 times
  • The average score is 12 of 15

Answer Stats

HintAnswer% Correct
96%California
100%
94%New York
100%
96%Texas
100%
94%Florida
90%
92%Washington
90%
88%Alaska
86%
83%Hawaii
86%
84%Nevada
76%
82%New Mexico
71%
82%North Carolina
71%
81%South Carolina
71%
83%North Dakota
67%
82%South Dakota
67%
83%Alabama
62%
79%Arizona
62%

Score Distribution

Percentile by Number Answered

Percent of People with Each Score

Your Score History

You have not taken this quiz